UBT Library

Epidemiology and health services / (Record no. 40708)

000 -LEADER
fixed length control field 00762cam a2200253 a 4500
001 - CONTROL NUMBER
control field 3541143
005 - DATE AND TIME OF LATEST TRANSACTION
control field 20180123034101.0
008 - FIXED-LENGTH DATA ELEMENTS--GENERAL INFORMATION
fixed length control field 970127s1998 nyu b 001 0 eng c
010 ## - LIBRARY OF CONGRESS CONTROL NUMBER
LC control number 97000856
020 ## - INTERNATIONAL STANDARD BOOK NUMBER
International Standard Book Number 0195093593X
040 ## - CATALOGING SOURCE
Original cataloging agency DNLM/DLC
Transcribing agency DLC
Modifying agency DLC
041 ## - LANGUAGE CODE
Language code of text/sound track or separate title eng
043 ## - GEOGRAPHIC AREA CODE
Geographic area code e-uk---
060 10 - NATIONAL LIBRARY OF MEDICINE CALL NUMBER
Classification number 362.1072
080 ## - UNIVERSAL DECIMAL CLASSIFICATION NUMBER
Universal Decimal Classification number 362.1072
082 00 - DEWEY DECIMAL CLASSIFICATION NUMBER
Classification number 362.1072 ARM
Edition number 21
100 1# - Rafti
Rafti 4
101 ## - Shkurtesa
Shkurtesa SHM
245 10 - TITLE STATEMENT
Title Epidemiology and health services /
Statement of responsibility, etc Haroutune K. Armenian, Sam Shapiro.
504 ## - BIBLIOGRAPHY, ETC. NOTE
Bibliography, etc Includes bibliographical references and index.
906 ## - LOCAL DATA ELEMENT F, LDF (RLIN)
a 7
b cbc
c orignew
d 1
e ocip
f 19
g y-gencatlg
942 ## - ADDED ENTRY ELEMENTS (KOHA)
Source of classification or shelving scheme
Item type Books
Holdings
Withdrawn status Lost status Source of classification or shelving scheme Damaged status Not for loan Collection code Permanent location Current location Shelving location Date acquired Total Checkouts Full call number Barcode Date last seen Price effective from Koha item type
          Koleksioni i përgjithshem UBT - Lipjan UBT - Lipjan Koleksioni i përgjithshem 01/23/2018   362.1072 ARM 002-2996298 01/23/2018 01/23/2018 Books
UBT Library © 2015-2024. All rights reserved University Education for Business and Technology